[Event "7. Rilton Cup 2007/2008"]
[Site "Stockholm SWE"]
[Date "2007.12.28"]
[Round "2.19"]
[White "Bellon Lopez, Juan Manuel"]
[Black "Nygren, David"]
[Result "1-0"]
[WhiteElo "2434"]
[BlackElo "2158"]
[PlyCount "63"]
[EventDate "2007.12.27"]
[EventType "swiss"]
[EventRounds "9"]
[EventCountry "SWE"]
[Source "lmi"]
[SourceDate "2008.12.27"]

1. b3 e5 2. Bb2 Nc6 3. e3 Nf6 4. Bb5 Bd6 5. g3 O-O 6. Nc3 a6 7. Bf1 Bc5 8. Nge2
Re8 9. Bg2 d5 10. O-O Ba7 11. d4 exd4 12. Nxd4 Ne5 13. h3 c5 14. Nf3 Nc6 15. a3
h6 16. Qd3 Be6 17. Ne2 Qe7 18. Nh4 Rad8 19. Nf4 d4 20. Bxc6 bxc6 21. exd4 cxd4
22. Rfe1 Qd7 23. Qxa6 g5 24. Nxe6 gxh4 25. Nxd8 Rxe1+ 26. Rxe1 hxg3 27. Qd3 Nh5
28. fxg3 Qxd8 29. Re4 Nf6 30. Rh4 c5 31. Bc1 Qe7 32. Bxh6 1-0

[Event "7. Rilton Cup 2007/2008"]
[Site "Stockholm SWE"]
[Date "2007.12.28"]
[Round "2.23"]
[White "Hanninger, Simon"]
[Black "Aroven, Mikael"]
[Result "1/2-1/2"]
[WhiteElo "2129"]
[BlackElo "2201"]
[PlyCount "60"]
[EventDate "2007.12.27"]
[EventType "swiss"]
[EventRounds "9"]
[EventCountry "SWE"]
[Source "lmi"]
[SourceDate "2008.12.27"]

1. e4 c5 2. Nc3 Nc6 3. g3 g6 4. Bg2 Bg7 5. d3 d6 6. Be3 Nf6 7. h3 O-O 8. Nge2
Nd7 9. O-O Nd4 10. f4 f5 11. Bf2 Rb8 12. Nxd4 cxd4 13. Ne2 e5 14. exf5 gxf5 15.
c3 dxc3 16. bxc3 b6 17. d4 e4 18. d5 Ba6 19. Bd4 Bxe2 20. Qxe2 Nc5 21. g4 Qc7
22. gxf5 Rxf5 23. Rae1 Rbf8 24. Qg4 Kh8 25. Kh1 Qf7 26. Bxc5 bxc5 27. c4 Rxf4
28. Rxf4 Qxf4 29. Qxf4 Rxf4 30. Rxe4 Be5 1/2-1/2

[Event "7. Rilton Cup 2007/2008"]
[Site "Stockholm SWE"]
[Date "2007.12.28"]
[Round "2.25"]
[White "Nyberg, Ulf"]
[Black "Kulaots, Kaido"]
[Result "1/2-1/2"]
[WhiteElo "2146"]
[BlackElo "2547"]
[PlyCount "152"]
[EventDate "2007.12.27"]
[EventType "swiss"]
[EventRounds "9"]
[EventCountry "SWE"]
[Source "lmi"]
[SourceDate "2008.12.27"]

1. e4 c5 2. Nf3 d6 3. d4 Nf6 4. Nc3 cxd4 5. Nxd4 g6 6. Be3 a6 7. f3 Bg7 8. Qd2
b5 9. a4 bxa4 10. Rxa4 O-O 11. Be2 Qd7 12. O-O Qb7 13. Rfa1 Bd7 14. R4a2 Rc8
15. Nb3 Be6 16. Bd4 Bxb3 17. cxb3 Qxb3 18. Bxa6 Nxa6 19. Rxa6 Rab8 20. Nd1 Nd7
21. Bxg7 Kxg7 22. Qd4+ Ne5 23. R6a3 Qc2 24. Rc3 Rxc3 25. Qxc3 Qe2 26. h3 f6 27.
Qe3 Rxb2 28. Qxe2 Rxe2 29. Nc3 Rc2 30. Nd5 Nc6 31. Ra8 f5 32. Rc8 Rc5 33. Kf2
Kf7 34. Rc7 fxe4 35. fxe4 Ke8 36. Rc8+ Kf7 37. Rc7 g5 38. Kg3 h5 39. h4 g4 40.
Kf4 Ke8 41. Rc8+ Kf7 42. Rc7 Ke6 43. Ne3 Kf6 44. Nd5+ Kf7 45. Kg5 Ke8 46. Kg6
Kd8 47. Rb7 Rc4 48. Rb6 Ne5+ 49. Kf5 Nd7 50. Rb2 Ke8 51. Rf2 Nc5 52. Kg6 Rxe4
53. Nf4 d5 54. Nxh5 Ne6 55. Ra2 d4 56. Ng7+ Nxg7 57. Kxg7 g3 58. Ra8+ Kd7 59.
h5 d3 60. Ra3 Rd4 61. Ra1 Ke6 62. Re1+ Kf5 63. h6 e5 64. Rf1+ Kg5 65. h7 Rh4
66. Rd1 e4 67. h8=Q Rxh8 68. Kxh8 Kf4 69. Kg7 Ke3 70. Kf6 Kf2 71. Kf5 e3 72.
Rxd3 e2 73. Rd2 Kxg2 74. Rxe2+ Kf3 75. Ra2 g2 76. Rxg2 Kxg2 1/2-1/2

[Event "7. Rilton Cup 2007/2008"]
[Site "Stockholm SWE"]
[Date "2007.12.29"]
[Round "3.2"]
[White "Cicak, Slavko"]
[Black "Carlsson, Pontus"]
[Result "1/2-1/2"]
[WhiteElo "2569"]
[BlackElo "2481"]
[PlyCount "27"]
[EventDate "2007.12.27"]
[EventType "swiss"]
[EventRounds "9"]
[EventCountry "SWE"]
[Source "lmi"]
[SourceDate "2008.12.27"]

1. e4 c5 2. Nf3 d6 3. Nc3 Nf6 4. e5 dxe5 5. Nxe5 e6 6. g3 Nbd7 7. Nc4 Nb6 8.
Ne3 Bd7 9. Bg2 Qc8 10. a4 Bc6 11. O-O Be7 12. a5 Nbd7 13. f4 O-O 14. d3 1/2-1/2

[Event "7. Rilton Cup 2007/2008"]
[Site "Stockholm SWE"]
[Date "2007.12.29"]
[Round "3.4"]
[White "Akesson, Ralf"]
[Black "Fontaine, Robert"]
[Result "1-0"]
[WhiteElo "2468"]
[BlackElo "2562"]
[PlyCount "117"]
[EventDate "2007.12.27"]
[EventType "swiss"]
[EventRounds "9"]
[EventCountry "SWE"]
[Source "lmi"]
[SourceDate "2008.12.27"]

1. Nf3 Nf6 2. c4 g6 3. Nc3 Bg7 4. e4 d6 5. d4 O-O 6. Be2 Bg4 7. Be3 Nfd7 8. Ng1
Bxe2 9. Ngxe2 c5 10. d5 Ne5 11. b3 Qa5 12. Bd2 Nd3+ 13. Kf1 Na6 14. Na4 Qd8 15.
Bc3 Ne5 16. Kg1 Nc7 17. f4 Nd7 18. Bxg7 Kxg7 19. Nac3 b5 20. cxb5 Qb8 21. a4 a6
22. bxa6 Rxa6 23. h3 Rb6 24. Ra3 Rb4 25. Kh2 Nf6 26. Ng3 Rd4 27. Qc1 Qb4 28.
Na2 Qa5 29. Re1 Ra8 30. Nc3 Qb4 31. Re3 Qa5 32. Ra2 Rb8 33. Nb1 h5 34. Nd2 Rdb4
35. Rc2 Qa6 36. Rcc3 e6 37. dxe6 Nxe6 38. Ne2 Nd4 39. Qd1 Re8 40. Rc4 Nf5 41.
Rd3 Rxc4 42. Nxc4 Nxe4 43. Ne3 Qc8 44. Nxf5+ Qxf5 45. Rd5 Qf6 46. f5 h4 47. Qd3
g5 48. a5 Qa1 49. f6+ Kf8 50. Qf3 Re6 51. b4 Qe1 52. a6 Qxb4 53. a7 Qa4 54.
Rxg5 Rxf6 55. Qg4 Qxa7 56. Rg8+ Ke7 57. Qxe4+ Re6 58. Qxh4+ Kd7 59. Nf4 1-0

[Event "7. Rilton Cup 2007/2008"]
[Site "Stockholm SWE"]
[Date "2007.12.29"]
[Round "3.6"]
[White "Blomqvist, Erik"]
[Black "Cramling, Pia"]
[Result "0-1"]
[WhiteElo "2334"]
[BlackElo "2531"]
[PlyCount "80"]
[EventDate "2007.12.27"]
[EventType "swiss"]
[EventRounds "9"]
[EventCountry "SWE"]
[Source "lmi"]
[SourceDate "2008.12.27"]

1. e4 c5 2. Nf3 a6 3. c3 e6 4. d4 d5 5. e5 Bd7 6. Be2 Nc6 7. O-O Qb6 8. dxc5
Bxc5 9. b4 Bf8 10. a4 Nge7 11. Re1 Ng6 12. Bd3 Be7 13. Ba3 Qc7 14. Bxg6 hxg6
15. b5 Na5 16. Bxe7 Kxe7 17. bxa6 Rxa6 18. Qc1 Nb3 19. Qg5+ Kf8 20. Ra3 Nc5 21.
Nbd2 Nd3 22. Re3 Rh5 23. Qg3 Qc5 24. Ra1 Qxc3 25. Rb1 Rxa4 26. h3 Ra1 27. Rxa1
Qxa1+ 28. Kh2 Nc5 29. Qf4 Qa4 30. Nd4 g5 31. Qg4 Rh4 32. Qxg5 Rxd4 33. Rg3 g6
34. Qd8+ Be8 35. Nf3 Ne4 36. Rg4 Rd1 37. Ng5 Qd7 38. Nh7+ Kg7 39. Qh4 Qc7 40.
f4 Qc5 0-1

[Event "7. Rilton Cup 2007/2008"]
[Site "Stockholm SWE"]
[Date "2007.12.29"]
[Round "3.7"]
[White "Berczes, Csaba"]
[Black "Kotronias, Vasilios"]
[Result "0-1"]
[WhiteElo "2419"]
[BlackElo "2618"]
[PlyCount "86"]
[EventDate "2007.12.27"]
[EventType "swiss"]
[EventRounds "9"]
[EventCountry "SWE"]
[Source "lmi"]
[SourceDate "2008.12.27"]

1. Nf3 Nf6 2. g3 g6 3. b3 Bg7 4. Bb2 d6 5. d4 c5 6. Bg2 cxd4 7. Nxd4 d5 8. O-O
O-O 9. Nd2 e5 10. N4f3 e4 11. Nd4 e3 12. fxe3 Ng4 13. Rf3 Re8 14. Nf1 Nd7 15.
Rxf7 Kxf7 16. Bxd5+ Ke7 17. Ne6 Bxb2 18. Nxd8 Kxd8 19. Rb1 Bf6 20. Qd2 a5 21.
e4 Be7 22. h3 Bc5+ 23. Kg2 Ngf6 24. Qd3 Kc7 25. Nd2 Ra6 26. Nc4 b5 27. Nxa5
Nxd5 28. exd5 Re3 29. Qd2 Nf6 30. Qe1 Ne4 31. b4 Rxg3+ 32. Qxg3+ Nxg3 33. bxc5
Nxe2 34. d6+ Kd7 35. Re1 Nf4+ 36. Kf3 Ne6 37. Nb3 Bb7+ 38. Ke3 Rxa2 39. Kd2 Bd5
40. Kc3 b4+ 41. Kxb4 Rxc2 42. Ra1 Rb2 43. Ra7+ Kd8 0-1

[Event "7. Rilton Cup 2007/2008"]
[Site "Stockholm SWE"]
[Date "2007.12.29"]
[Round "3.8"]
[White "Berg, Emanuel"]
[Black "Bejtovic, Jasmin"]
[Result "1-0"]
[WhiteElo "2593"]
[BlackElo "2307"]
[PlyCount "83"]
[EventDate "2007.12.27"]
[EventType "swiss"]
[EventRounds "9"]
[EventCountry "SWE"]
[Source "lmi"]
[SourceDate "2008.12.27"]

1. e4 c5 2. Nc3 Nc6 3. f4 g6 4. Nf3 Bg7 5. Bb5 Nd4 6. O-O Nxb5 7. Nxb5 Nf6 8.
Nc3 d5 9. e5 Ne4 10. Ne2 c4 11. d3 cxd3 12. cxd3 Qb6+ 13. Ned4 Nc5 14. Be3 Qd8
15. Rc1 Ne6 16. Qa4+ Qd7 17. Qxd7+ Bxd7 18. Nxe6 Bxe6 19. Rc7 Bf5 20. Rxb7 a6
21. Rc1 O-O 22. Rcc7 Rfb8 23. Rxe7 Rxb7 24. Rxb7 Bxd3 25. Ng5 Rc8 26. Nxf7 d4
27. Bxd4 Be4 28. Rd7 Bc6 29. Ra7 Bd5 30. Nd6 Rc2 31. Ne8 Rxg2+ 32. Kf1 Bh8 33.
Nf6+ Bxf6 34. exf6 Rc2 35. Bc3 Bc4+ 36. Ke1 Re2+ 37. Kd1 Re4 38. Be5 Kf8 39. b3
Bf7 40. Rxa6 g5 41. Bd6+ Ke8 42. fxg5 1-0

[Event "7. Rilton Cup 2007/2008"]
[Site "Stockholm SWE"]
[Date "2007.12.29"]
[Round "3.9"]
[White "Smith, Axel"]
[Black "Hansen, Lars Bo"]
[Result "1/2-1/2"]
[WhiteElo "2384"]
[BlackElo "2572"]
[PlyCount "52"]
[EventDate "2007.12.27"]
[EventType "swiss"]
[EventRounds "9"]
[EventCountry "SWE"]
[Source "lmi"]
[SourceDate "2008.12.27"]

1. e4 e5 2. Nf3 Nc6 3. Bb5 a6 4. Ba4 Nf6 5. O-O Be7 6. Re1 b5 7. Bb3 d6 8. c3
O-O 9. h3 Na5 10. Bc2 c5 11. d4 Bb7 12. d5 Nc4 13. b3 Nb6 14. a4 Bc8 15. Be3
bxa4 16. bxa4 Nc4 17. Bc1 Na5 18. Qd3 Qe8 19. Be3 Kh8 20. Nh2 Nd7 21. Nd2 Bd8
22. Nhf1 g6 23. Ng3 Ra7 24. Rf1 Bf6 25. Bd1 Bg7 26. Re1 Qd8 1/2-1/2

[Event "7. Rilton Cup 2007/2008"]
[Site "Stockholm SWE"]
[Date "2007.12.29"]
[Round "3.10"]
[White "Hedman, Erik"]
[Black "Hillarp Persson, Tiger"]
[Result "0-1"]
[WhiteElo "2396"]
[BlackElo "2567"]
[PlyCount "78"]
[EventDate "2007.12.27"]
[EventType "swiss"]
[EventRounds "9"]
[EventCountry "SWE"]
[Source "lmi"]
[SourceDate "2008.12.27"]

1. e4 c5 2. c3 g6 3. d4 cxd4 4. cxd4 d5 5. exd5 Nf6 6. Nc3 Bg7 7. Bb5+ Nbd7 8.
d6 exd6 9. Qe2+ Qe7 10. Bf4 Qxe2+ 11. Ngxe2 a6 12. Bd3 Ke7 13. O-O Nb6 14. Rfe1
Be6 15. Bg5 Kd7 16. Nf4 Rhe8 17. Nxe6 fxe6 18. Bc2 Rac8 19. Re2 Nfd5 20. Nxd5
Nxd5 21. Rd1 Nb4 22. Bb1 d5 23. h4 Nc6 24. Be3 Ne7 25. g4 Bf6 26. Kg2 h5 27. g5
Bg7 28. f3 Nf5 29. Bf2 Rc6 30. Red2 Rec8 31. Kf1 Rc1 32. Ke2 R1c4 33. b3 Rc3
34. Rd3 R3c6 35. R3d2 Bf8 36. Rd3 Bd6 37. R3d2 Bf4 38. Rd3 a5 39. Kf1 b5 0-1

[Event "7. Rilton Cup 2007/2008"]
[Site "Stockholm SWE"]
[Date "2007.12.29"]
[Round "3.11"]
[White "Farago, Ivan"]
[Black "Stokke, Kjetil"]
[Result "1/2-1/2"]
[WhiteElo "2505"]
[BlackElo "2372"]
[PlyCount "99"]
[EventDate "2007.12.27"]
[EventType "swiss"]
[EventRounds "9"]
[EventCountry "SWE"]
[Source "lmi"]
[SourceDate "2008.12.27"]

1. d4 Nf6 2. c4 g6 3. Nc3 Bg7 4. e4 O-O 5. Be2 d6 6. Bg5 Na6 7. Qd2 e5 8. d5
Qe8 9. Bd1 Nh5 10. Bxh5 gxh5 11. Nf3 f5 12. exf5 Bxf5 13. Nh4 Qf7 14. O-O Nc5
15. Nxf5 Qxf5 16. Rad1 Ne4 17. Nxe4 Qxe4 18. Rc1 Rf7 19. Rfe1 Qg6 20. Rc3 Raf8
21. Rf1 Kh8 22. Rg3 Qe4 23. b3 h4 24. Rh3 Bf6 25. Qd3 Qxd3 26. Bxf6+ Rxf6 27.
Rxd3 Rf4 28. f3 Kg7 29. Re3 b6 30. Kf2 R8f6 31. Rfe1 Rd4 32. Re4 Rf4 33. Rxf4
Rxf4 34. Ke3 Kg6 35. Rd1 h5 36. g3 hxg3 37. hxg3 Rf7 38. Rh1 a5 39. Ke4 Rf8 40.
a3 Rf7 41. Ke3 Rf8 42. Rh2 Re8 43. Rh4 Rf8 44. Ke4 Re8 45. g4 hxg4 46. Rxg4+
Kf6 47. Rh4 Kg6 48. Rg4+ Kf6 49. Rh4 Kg6 50. Rg4+ 1/2-1/2

[Event "7. Rilton Cup 2007/2008"]
[Site "Stockholm SWE"]
[Date "2007.12.29"]
[Round "3.12"]
[White "Niemi, Mikko"]
[Black "Bellon Lopez, Juan Manuel"]
[Result "0-1"]
[WhiteElo "2188"]
[BlackElo "2434"]
[PlyCount "64"]
[EventDate "2007.12.27"]
[EventType "swiss"]
[EventRounds "9"]
[EventCountry "SWE"]
[Source "lmi"]
[SourceDate "2008.12.27"]

1. c4 e5 2. g3 Nc6 3. Bg2 Bc5 4. Nc3 Nf6 5. a3 Bd4 6. Nd5 d6 7. Nf3 Bb6 8. d3
Nxd5 9. cxd5 Ne7 10. Nd2 c6 11. dxc6 bxc6 12. Nc4 Bc7 13. f4 exf4 14. Bxf4 d5
15. Bxc7 Qxc7 16. Ne3 O-O 17. d4 f5 18. O-O f4 19. Rxf4 Rxf4 20. gxf4 Qxf4 21.
Qd3 Ba6 22. Qxa6 Qxe3+ 23. Kh1 Rf8 24. Qd3 Qxd3 25. exd3 Nf5 26. Rc1 Nxd4 27.
b4 Rb8 28. Rc5 Rb5 29. Kg1 Rxc5 30. bxc5 Kf7 31. Kf2 Ke7 32. Ke3 Nc2+ 0-1

[Event "7. Rilton Cup 2007/2008"]
[Site "Stockholm SWE"]
[Date "2007.12.29"]
[Round "3.13"]
[White "Berczes, David"]
[Black "Dimitrijevic, Radmilo"]
[Result "1-0"]
[WhiteElo "2430"]
[BlackElo "2070"]
[PlyCount "85"]
[EventDate "2007.12.27"]
[EventType "swiss"]
[EventRounds "9"]
[EventCountry "SWE"]
[Source "lmi"]
[SourceDate "2008.12.27"]

1. d4 d5 2. c4 e6 3. Nc3 Nf6 4. cxd5 exd5 5. Bg5 Be7 6. e3 c6 7. Bd3 O-O 8. Qc2
Nbd7 9. Nf3 Re8 10. h3 Nf8 11. O-O Ne4 12. Bf4 f5 13. Ne5 Ng6 14. Bh2 Nxe5 15.
Bxe5 Bd6 16. f4 Bxe5 17. dxe5 Nxc3 18. bxc3 g6 19. Kh2 Be6 20. Rg1 Kh8 21. Rab1
b5 22. Qf2 Qe7 23. g3 Rf8 24. Rg2 a5 25. Qd2 Rfb8 26. Qe1 Rb7 27. g4 a4 28.
gxf5 gxf5 29. Qe2 Qf7 30. Rbg1 Rf8 31. Rg5 Rbb8 32. Qc2 Qd7 33. a3 Rbe8 34. Qg2
Qe7 35. Qg3 Qd7 36. Qh4 Re7 37. Qh6 Ref7 38. Rg6 Re8 39. R1g5 Qe7 40. Be2 Qd7
41. Bh5 Rfe7 42. Rg7 Rxg7 43. Bxe8 1-0

[Event "7. Rilton Cup 2007/2008"]
[Site "Stockholm SWE"]
[Date "2007.12.29"]
[Round "3.15"]
[White "Karlsson, Lars"]
[Black "Luukkonen, Tommi"]
[Result "0-1"]
[WhiteElo "2485"]
[BlackElo "2238"]
[PlyCount "76"]
[EventDate "2007.12.27"]
[EventType "swiss"]
[EventRounds "9"]
[EventCountry "SWE"]
[Source "lmi"]
[SourceDate "2008.12.27"]

1. c4 g6 2. g3 Bg7 3. Bg2 d6 4. Nc3 e5 5. e3 c6 6. Nge2 Ne7 7. d4 O-O 8. O-O
Na6 9. h3 h5 10. d5 h4 11. g4 f5 12. g5 Nc5 13. b4 Ne4 14. Nxe4 fxe4 15. Nc3
cxd5 16. cxd5 Bf5 17. Nxe4 Qd7 18. Kh2 a5 19. b5 Bxe4 20. Bxe4 Qxb5 21. Rb1 Qc4
22. Qd3 Qxa2 23. Rb2 Qa4 24. Rxb7 Nf5 25. Ba3 Rac8 26. Bxf5 Rxf5 27. e4 Rf4 28.
Bxd6 Qxe4 29. Qxe4 Rxe4 30. Be7 Bf8 31. d6 Bxe7 32. Rxe7 Rd8 33. Re6 Kf7 34.
Rf6+ Kg7 35. Rc1 Rd7 36. Rc6 a4 37. Ra6 Rd4 38. Kg2 e4 0-1

[Event "7. Rilton Cup 2007/2008"]
[Site "Stockholm SWE"]
[Date "2007.12.29"]
[Round "3.16"]
[White "Marzano, Carlo"]
[Black "Furhoff, Johan"]
[Result "0-1"]
[WhiteElo "2213"]
[BlackElo "2392"]
[PlyCount "80"]
[EventDate "2007.12.27"]
[EventType "swiss"]
[EventRounds "9"]
[EventCountry "SWE"]
[Source "lmi"]
[SourceDate "2008.12.27"]

1. Nc3 c5 2. d4 cxd4 3. Qxd4 Nc6 4. Qh4 g6 5. e4 Bg7 6. Bd3 d6 7. Nf3 h6 8. O-O
g5 9. Qg3 Nf6 10. Nd2 Nh5 11. Qf3 Ne5 12. Bb5+ Kf8 13. Qd1 Nf4 14. Nc4 Neg6 15.
Ne3 a6 16. Bc4 b5 17. Bb3 e6 18. g3 Rg8 19. gxf4 gxf4 20. Ng2 Bxc3 21. bxc3 Nh4
22. Bxf4 Rxg2+ 23. Kh1 Bb7 24. Qxd6+ Qxd6 25. Bxd6+ Kg8 26. Bg3 Bxe4 27. f3
Rxg3 28. hxg3 Nxf3 29. Rfd1 Rc8 30. Kg2 Rxc3 31. Kf2 Ng5 32. a4 Rf3+ 33. Ke2
Rxg3 34. Rd8+ Kg7 35. a5 h5 36. Rd6 h4 37. Rxa6 h3 38. Rd6 h2 39. Rdd1 Bf3+ 40.
Kf2 Ne4+ 0-1

[Event "7. Rilton Cup 2007/2008"]
[Site "Stockholm SWE"]
[Date "2007.12.29"]
[Round "3.20"]
[White "Agrest, Inna"]
[Black "Nyysti, Sampsa"]
[Result "0-1"]
[WhiteElo "2121"]
[BlackElo "2364"]
[PlyCount "76"]
[EventDate "2007.12.27"]
[EventType "swiss"]
[EventRounds "9"]
[EventCountry "SWE"]
[Source "lmi"]
[SourceDate "2008.12.27"]

1. e4 e5 2. Nf3 Nc6 3. Bb5 a6 4. Ba4 Nf6 5. O-O Be7 6. Re1 b5 7. Bb3 d6 8. c3
O-O 9. h3 Na5 10. Bc2 c5 11. d4 Qc7 12. Nbd2 cxd4 13. cxd4 Bb7 14. d5 Rac8 15.
Bd3 Nd7 16. Nf1 f5 17. Ne3 f4 18. Nf5 Bd8 19. Bd2 g6 20. Bxa5 Qxa5 21. Nxd6 Rb8
22. a4 Qb4 23. Nxb7 Rxb7 24. axb5 axb5 25. Qe2 Nc5 26. Nxe5 Qd4 27. Qc2 Qxe5
28. Qxc5 f3 29. Qc3 Qg5 30. Bf1 Bb6 31. Re3 fxg2 32. Bxg2 Rc7 33. Qb3 Rxf2 34.
Kxf2 Bxe3+ 35. Ke1 Qg3+ 36. Kd1 Qf2 37. Qb4 Kg7 38. h4 Rc4 0-1

[Event "7. Rilton Cup 2007/2008"]
[Site "Stockholm SWE"]
[Date "2007.12.29"]
[Round "3.22"]
[White "Ruck, Tamas"]
[Black "Henriksson, Johan"]
[Result "1/2-1/2"]
[WhiteElo "2343"]
[BlackElo "2197"]
[PlyCount "118"]
[EventDate "2007.12.27"]
[EventType "swiss"]
[EventRounds "9"]
[EventCountry "SWE"]
[Source "lmi"]
[SourceDate "2008.12.27"]

1. e4 c6 2. d4 d5 3. Nc3 dxe4 4. Nxe4 Bf5 5. Ng3 Bg6 6. h4 h6 7. Nf3 Nd7 8. h5
Bh7 9. Bd3 Bxd3 10. Qxd3 Ngf6 11. Bd2 e6 12. O-O-O a5 13. Qe2 Be7 14. Ne5 Qb6
15. Rhe1 O-O 16. Ng6 Rfe8 17. Nxe7+ Rxe7 18. Nf5 Ree8 19. Nd6 Re7 20. g4 c5 21.
dxc5 Qxc5 22. Be3 Qc6 23. Nb5 Nd5 24. Nd4 Qa6 25. Qxa6 Rxa6 26. Bd2 N7f6 27. f3
Rc7 28. Kb1 a4 29. b3 Nc3+ 30. Bxc3 Rxc3 31. Kb2 Nd5 32. a3 Ra8 33. Nxe6 fxe6
34. Rxd5 Rxc2+ 35. Kxc2 axb3+ 36. Kxb3 exd5 37. f4 Kf7 38. Re5 Rd8 39. Kc3 d4+
40. Kd3 Ra8 41. Rb5 Rxa3+ 42. Kxd4 Rg3 43. g5 hxg5 44. fxg5 Rg4+ 45. Ke3 Ke6
46. Kf3 Ra4 47. Rb6+ Kf5 48. Rb5+ Ke6 49. g6 Kf6 50. Rxb7 Ra3+ 51. Kg4 Ra4+ 52.
Kf3 Ra3+ 53. Ke4 Ra4+ 54. Kd3 Ra3+ 55. Kc4 Ra4+ 56. Kb3 Ra5 57. Rf7+ Kg5 58.
Rxg7 Kxh5 59. Rg8 Rg5 1/2-1/2

[Event "7. Rilton Cup 2007/2008"]
[Site "Stockholm SWE"]
[Date "2007.12.29"]
[Round "3.23"]
[White "Lissang, Christopher"]
[Black "Vovk, Ilja"]
[Result "1/2-1/2"]
[WhiteElo "2080"]
[BlackElo "2325"]
[PlyCount "99"]
[EventDate "2007.12.27"]
[EventType "swiss"]
[EventRounds "9"]
[EventCountry "SWE"]
[Source "lmi"]
[SourceDate "2008.12.27"]

1. d4 Nf6 2. Nf3 g6 3. c4 Bg7 4. Nc3 O-O 5. e4 d6 6. h3 c5 7. d5 e6 8. Bd3 exd5
9. cxd5 Re8 10. O-O a6 11. a4 c4 12. Bc2 Nbd7 13. Be3 Qc7 14. Bd4 Nc5 15. Re1
Nh5 16. Bxg7 Nxg7 17. Qd4 Rb8 18. Qxc4 b5 19. axb5 axb5 20. Nxb5 Qb6 21. Nbd4
Ba6 22. Qc3 Qxb2 23. Qe3 Qb7 24. Nc6 Ra8 25. Qc3 Nh5 26. Nfd4 Qd7 27. Qf3 Bb7
28. Qc3 Rxa1 29. Qxa1 Nf4 30. Qc3 Ba6 31. Nb4 Qe7 32. Nxa6 Nxa6 33. Ba4 Rf8 34.
Qg3 Qf6 35. Nf5 Nh5 36. Qf3 Nc5 37. Bc2 Qe5 38. Nh6+ Kg7 39. Ng4 Qb2 40. Ne3
Ra8 41. Rb1 Ra1 42. Rxa1 Qxa1+ 43. Kh2 Nf6 44. Qf4 Qb2 45. Qxd6 Ncxe4 46. Qf4
Nc5 47. g3 Ncd7 48. Kg2 Nxd5 49. Nxd5 Qxc2 50. Qd4+ 1/2-1/2

[Event "7. Rilton Cup 2007/2008"]
[Site "Stockholm SWE"]
[Date "2007.12.29"]
[Round "3.24"]
[White "Stjazhkina, Olga"]
[Black "Hanninger, Simon"]
[Result "1-0"]
[WhiteElo "2315"]
[BlackElo "2129"]
[PlyCount "107"]
[EventDate "2007.12.27"]
[EventType "swiss"]
[EventRounds "9"]
[EventCountry "SWE"]
[Source "lmi"]
[SourceDate "2008.12.27"]

1. e4 c6 2. c4 d5 3. exd5 cxd5 4. cxd5 Nf6 5. Nc3 Nxd5 6. Nf3 Nc6 7. Bb5 e6 8.
O-O Be7 9. Ne5 Bd7 10. Bxc6 Bxc6 11. Nxc6 bxc6 12. Qa4 O-O 13. d4 Nxc3 14. bxc3
c5 15. Be3 cxd4 16. Bxd4 Bf6 17. Rfd1 Bxd4 18. Rxd4 Qc7 19. Rc4 Qe5 20. Rd1
Rfd8 21. Rcd4 Rxd4 22. Qxd4 Qxd4 23. Rxd4 Rc8 24. Kf1 g5 25. Rd3 Rc4 26. Ke2
Kg7 27. Kd1 Ra4 28. Rd2 Kf6 29. Rb2 Ra3 30. Kd2 a6 31. Kd3 Ke5 32. Kc4 Ra5 33.
Rd2 f5 34. Kb4 Rb5+ 35. Ka4 h5 36. c4 Rc5 37. Kb4 Rc6 38. c5 h4 39. h3 g4 40.
Kc4 gxh3 41. gxh3 Rc8 42. Re2+ Kf6 43. Rb2 Ke5 44. Rb6 Rd8 45. Rxa6 Rd2 46. f3
Rh2 47. Ra3 f4 48. Rd3 Rc2+ 49. Kb5 Rxa2 50. c6 Rb2+ 51. Ka6 Rc2 52. Kb7 Kf5
53. c7 Rb2+ 54. Kc6 1-0

[Event "7. Rilton Cup 2007/2008"]
[Site "Stockholm SWE"]
[Date "2007.12.29"]
[Round "3.25"]
[White "Naslund, Mikael"]
[Black "Akdag, Dara"]
[Result "1/2-1/2"]
[WhiteElo "2310"]
[BlackElo "2042"]
[PlyCount "50"]
[EventDate "2007.12.27"]
[EventType "swiss"]
[EventRounds "9"]
[EventCountry "SWE"]
[Source "lmi"]
[SourceDate "2008.12.27"]

1. d4 Nf6 2. c4 c5 3. d5 e6 4. g3 exd5 5. cxd5 g6 6. Bg2 d6 7. Nc3 Bg7 8. Nf3
O-O 9. O-O a6 10. a4 Re8 11. Nd2 Nbd7 12. h3 Rb8 13. Nc4 Ne5 14. Na3 Nh5 15. e4
Bd7 16. g4 Qh4 17. f3 Ng3 18. Re1 h5 19. Bf4 hxg4 20. fxg4 Bxg4 21. Bxg3 Qxg3
22. hxg4 Nxg4 23. Nc2 Qf2+ 24. Kh1 Qh4+ 25. Kg1 Qf2+ 1/2-1/2

[Event "7. Rilton Cup 2007/2008"]
[Site "Stockholm SWE"]
[Date "2007.12.30"]
[Round "4.4"]
[White "Agrest, Evgenij"]
[Black "Berg, Emanuel"]
[Result "1/2-1/2"]
[WhiteElo "2541"]
[BlackElo "2593"]
[PlyCount "55"]
[EventDate "2007.12.27"]
[EventType "swiss"]
[EventRounds "9"]
[EventCountry "SWE"]
[Source "lmi"]
[SourceDate "2008.12.27"]

1. d4 d6 2. e4 e5 3. dxe5 dxe5 4. Qxd8+ Kxd8 5. Bc4 Be6 6. Bxe6 fxe6 7. Nh3 Bd6
8. Be3 Nf6 9. f3 Ke7 10. Nf2 Nc6 11. c3 b5 12. Nd3 Rhb8 13. Nd2 Nd7 14. Ke2 a5
15. a4 b4 16. c4 Kf7 17. g3 Be7 18. Rhf1 Bf6 19. c5 h5 20. Nc4 Ke7 21. Rad1 Rh8
22. Nc1 g5 23. Nb3 Nf8 24. Rd2 Rh7 25. Bf2 Ng6 26. Bg1 Rf7 27. Be3 Rg7 28. Rfd1
1/2-1/2

[Event "7. Rilton Cup 2007/2008"]
[Site "Stockholm SWE"]
[Date "2007.12.30"]
[Round "4.8"]
[White "Fontaine, Robert"]
[Black "Stokke, Kjetil"]
[Result "1-0"]
[WhiteElo "2562"]
[BlackElo "2372"]
[PlyCount "73"]
[EventDate "2007.12.27"]
[EventType "swiss"]
[EventRounds "9"]
[EventCountry "SWE"]
[Source "lmi"]
[SourceDate "2008.12.27"]

1. d4 Nf6 2. g3 d5 3. Bg2 Bf5 4. c4 c6 5. Nc3 e6 6. Qb3 Qb6 7. Nf3 h6 8. c5 Qc7
9. Bf4 Qc8 10. Nd2 Nbd7 11. e4 dxe4 12. Nc4 e5 13. Nxe5 Nxe5 14. Bxe5 Nd7 15.
Bf4 Be6 16. Qc2 f5 17. f3 g5 18. Be3 exf3 19. Bxf3 Nf6 20. O-O-O Bg7 21. d5
cxd5 22. Bd4 O-O 23. Rhe1 Ne4 24. Bxg7 Kxg7 25. Nxd5 Qxc5 26. Bxe4 Rac8 27.
Qxc5 Rxc5+ 28. Bc2 Bxd5 29. b4 Rxc2+ 30. Kxc2 Bc6 31. Rd6 Rf7 32. Ree6 f4 33.
gxf4 Rxf4 34. Re7+ Kf8 35. Rc7 Rh4 36. Rd8+ Be8 37. Rh7 1-0

[Event "7. Rilton Cup 2007/2008"]
[Site "Stockholm SWE"]
[Date "2007.12.30"]
[Round "4.10"]
[White "Akesson, Joel"]
[Black "Farago, Ivan"]
[Result "1/2-1/2"]
[WhiteElo "2344"]
[BlackElo "2505"]
[PlyCount "147"]
[EventDate "2007.12.27"]
[EventType "swiss"]
[EventRounds "9"]
[EventCountry "SWE"]
[Source "lmi"]
[SourceDate "2008.12.27"]

1. d4 Nf6 2. c4 e6 3. Nf3 b6 4. e3 Bb7 5. Bd3 d5 6. cxd5 exd5 7. O-O Bd6 8. b4
O-O 9. Qb3 Qe7 10. b5 a6 11. Nc3 Bb4 12. Bb2 axb5 13. Bxb5 c6 14. Be2 Nbd7 15.
Na4 Ba6 16. Bxa6 Rxa6 17. Rfc1 Rfa8 18. Nc3 b5 19. Ne2 Bd6 20. Ng3 Bxg3 21.
hxg3 Ne4 22. Rc2 Nd6 23. Bc3 Nc4 24. Bb4 Qe6 25. a3 Nf6 26. Rca2 Ra4 27. Qd3
Ne4 28. Ne1 Qf5 29. Qe2 Re8 30. Qf3 Qg6 31. Qf4 Nf6 32. Nf3 Ng4 33. Qc7 h6 34.
Qd7 Rea8 35. Nh4 Qe6 36. Qxe6 fxe6 37. Ng6 Kf7 38. Nf4 Nf6 39. Nd3 Nd7 40. Kf1
e5 41. Nb2 Nxb2 42. Rxb2 Nb6 43. Rc1 Nc4 44. Rb3 e4 45. Ke2 Ke6 46. f3 Rxb4 47.
Rxb4 Rxa3 48. fxe4 Rxe3+ 49. Kf2 Rxe4 50. Rd1 Ne3 51. Rd2 Ng4+ 52. Kf1 Re3 53.
Re2 Kd6 54. Rb1 Rxg3 55. Rbe1 Rd3 56. Re6+ Kc7 57. Rc1 Kb6 58. Rexc6+ Ka5 59.
Ra1+ Kb4 60. Rb1+ Rb3 61. Rxb3+ Kxb3 62. Ke2 b4 63. Rg6 h5 64. Kd2 Kc4 65. Rxg7
Kxd4 66. Kc2 Ke4 67. Kb3 Kf4 68. Kxb4 h4 69. Kc5 Ne3 70. Rf7+ Kg3 71. Rf3+ Kxg2
72. Rxe3 h3 73. Rxh3 Kxh3 74. Kxd5 1/2-1/2